Great Books of the Western World / (Record no. 616445)

000 -LEADER
fixed length control field 00417nam a22001457a 4500
020 ## - INTERNATIONAL STANDARD BOOK NUMBER
Qualifying information HB.
040 ## - CATALOGING SOURCE
Transcribing agency Fizza Ishaq
082 ## - DEWEY DECIMAL CLASSIFICATION NUMBER
Classification number 709
Author Mark GEO
100 ## - MAIN ENTRY--PERSONAL NAME
Personal name Hutchins, Maynard Robert.
9 (RLIN) 133482
245 ## - TITLE STATEMENT
Title Great Books of the Western World /
Statement of responsibility, etc. Robert Maynard Hutchins.
250 ## - EDITION STATEMENT
Edition statement Vol 47.
260 ## - PUBLICATION, DISTRIBUTION, ETC.
Place of publication, distribution, etc. Chicago :
Name of publisher, distributor, etc. Encyclopedia Britannica, Inc,
Date of publication, distribution, etc. 1952.
300 ## - PHYSICAL DESCRIPTION
Extent 294 p. ;
Dimensions 6.3 x9.5 x .4 inches
942 ## - ADDED ENTRY ELEMENTS (KOHA)
Source of classification or shelving scheme
Koha item type Book
Holdings
Withdrawn status Lost status Source of classification or shelving scheme Damaged status Not for loan Permanent Location Current Location Shelving location Date acquired Total Checkouts Full call number Barcode Date last seen Price effective from Koha item type
          NUST Baluchistan Campus (NBC) NUST Baluchistan Campus (NBC) General Stacks 02/27/2026   709 GEO QD-406 02/27/2026 02/27/2026 Book
© 2023 Central Library, National University of Sciences and Technology. All Rights Reserved.